[Event "Gera"]
[Site "http://www.queenalice.com/game.php?id=359879"]
[Date "2008.2.24"]
[Round "1"]
[White "KoriaDesevis"]
[Black "Gambitshark"]
[Result "0-1"]
[WhiteElo "2024"]
[BlackElo "2562"]

1. c4 e5 2. Nc3 Nc6 3. a3 f5 4. d3 d6 5. g3 Nf6 6. Bg2 Be7 7. Nf3 O-O 8. e3 Qe8
9. O-O Bd7 10. b4 Nd8 11. Rb1 a5 12. b5 Ne6 13. Nh4 Nc5 14. d4 Nce4 15. Ne2 exd4
16. exd4 d5 17. Qd3 dxc4 18. Qxc4+ Kh8 19. Qxc7 Bxb5 20. Re1 Bd6 21. Qc2 Rc8 22.
Qb3 Nc3 23. Bf4 Nxe2+ 24. Rxe2 Qxe2 25. Bxd6 Rfe8 26. Bf1 Qe6 27. Qxe6 Rxe6 28.
Rxb5 Rxd6 29. Nxf5 Rd7 30. Rxa5 g6 31. Ne3 Rxd4 32. Ra7 Rb8 33. Nc2 Rd1 34. Ne3
Rb1 35. a4 Ne4 36. Kg2 Rf8 37. f4 Rb2+ 38. Kh3 g5 39. Nd1 Rd2 0-1

[Event "Gera"]
[Site "http://www.queenalice.com/game.php?id=359887"]
[Date "2008.2.24"]
[Round "2"]
[White "Caisso"]
[Black "KoriaDesevis"]
[Result "1-0"]
[WhiteElo "2226"]
[BlackElo "2050"]

1. e4 c5 2. Nf3 Nc6 3. d4 cxd4 4. Nxd4 Nxd4 5. Qxd4 e6 6. Bc4 Ne7 7. O-O Nc6 8.
Qc3 Qh4 9. Re1 Bd6 10. g3 Qg4 11. Nd2 O-O 12. Be2 Qg6 13. Bf3 Bb4 14. Qb3 Nd4
15. Qd3 Nxf3+ 16. Qxf3 f6 17. c3 Bd6 18. Nc4 Bc7 19. Be3 b5 20. Na3 a6 21. Bc5
Re8 22. e5 Rb8 23. exf6 Bb7 24. f7+ Qxf7 25. Qxf7+ Kxf7 26. Nc2 d6 27. Be3 e5
28. Rad1 Bf3 29. Rd2 g6 30. Nb4 Ra8 31. Nd5 Bb8 32. b3 Ke6 33. Nb6 Ra7 34. c4
Bc7 35. c5 dxc5 36. Bxc5 Rb7 37. Nd7 Kf5 38. Rd3 Bc6 39. g4+ Ke6 40. Nf8+ Kf7
41. Nxh7 e4 42. Rd2 Kg7 43. Ng5 Bf4 44. Be3 Bxg5 45. Bxg5 Rd7 46. Red1 Rxd2 47.
Rxd2 Re5 48. Be3 Rd5 49. Rxd5 Bxd5 50. Bb6 Kf6 51. Kg2 Bb7 52. Kg3 g5 53. Bd8+
Kg6 54. h3 Bc6 55. Kg2 Kh6 56. Kf1 Bd5 57. Ke2 Kg6 58. Ke3 Bb7 59. Kd4 Ba8 60.
Kc5 1-0

[Event "Mustard"]
[Site "http://www.queenalice.com/game.php?id=365407"]
[Date "2008.3.4"]
[Round "-"]
[White "Tlaloc2k"]
[Black "KoriaDesevis"]
[Result "0-1"]
[WhiteElo "1492"]
[BlackElo "2026"]

1. e4 e5 2. d3 Nc6 3. g3 d6 4. Nc3 Be6 5. Qe2 Nd4 6. Qd1 Qf6 7. Be3 Nc6 8. Bg2
O-O-O 9. Nf3 h6 10. O-O Nge7 11. h3 d5 12. exd5 Nxd5 13. Ne4 Nxe3 14. fxe3 Qe7
15. c4 f5 16. Nc3 Bxc4 17. Rf2 Bxd3 18. Rd2 e4 19. Nd4 Nxd4 20. exd4 Rxd4 21.
Qb3 Qg5 22. Qe6+ Kb8 23. Ne2 Bc5 24. Kh2 Bc4 25. h4 Bxe6 26. Nxd4 Qxd2 27. Nxe6
Qxb2 28. Rf1 Bf2 29. a4 g6 30. g4 fxg4 31. Nf4 g3+ 32. Kh3 Qe5 33. Nxg6 Qf5# 0-1

[Event "Ketchup"]
[Site "http://www.queenalice.com/game.php?id=365408"]
[Date "2008.3.4"]
[Round "-"]
[White "KoriaDesevis"]
[Black "Tlaloc2k"]
[Result "1-0"]
[WhiteElo "2028"]
[BlackElo "1490"]

1. e4 d5 2. exd5 Qxd5 3. Nc3 Qc6 4. Nf3 Bd7 5. d4 a6 6. h3 Nf6 7. Bd3 b5 8. O-O
e6 9. Re1 Be7 10. Ne5 Qb6 11. Be3 b4 12. Nxd7 Nfxd7 13. d5 Qd6 14. dxe6 fxe6 15.
Qf3 Nb6 16. Bxb6 c6 17. Rad1 e5 18. Bc4 Qf6 19. Qxf6 gxf6 20. Ne4 Nd7 21. Bf7+
Kxf7 22. Rxd7 Ke6 23. Red1 Kf5 24. Rxe7 Kxe4 25. f3+ Kf5 26. Rd6 Rac8 27. Rg7 c5
28. Rf7 Rcf8 29. Rxf8 Rxf8 30. Bxc5 Rc8 31. Bxb4 Rxc2 32. Bc3 Rc1+ 33. Kh2 1-0

[Event "Fire"]
[Site "http://www.queenalice.com/game.php?id=365412"]
[Date "2008.3.4"]
[Round "-"]
[White "Tlaloc2k"]
[Black "KoriaDesevis"]
[Result "0-1"]
[WhiteElo "1496"]
[BlackElo "2022"]

1. d4 Nf6 2. Nc3 g6 3. e4 d6 4. d5 Bg7 5. Be3 O-O 6. Qd2 Ng4 7. h3 Nxe3 8. Qxe3
e6 9. Nge2 Re8 10. O-O-O exd5 11. Nxd5 c6 12. Ndf4 d5 13. Ng3 Qc7 14. Bd3 f5 15.
Qf3 fxe4 16. Bxe4 dxe4 17. Nxe4 Bf5 18. Rhe1 Nd7 19. g4 Bxe4 20. Rxe4 Rxe4 21.
Qxe4 Nc5 22. Qc4+ Qf7 23. Qxf7+ Kxf7 24. b4 Bh6 25. Rd4 Ne6 26. Re4 Nxf4 27. Kb2
Nxh3 28. Rd4 Bg7 29. Kc3 Bxd4+ 30. Kxd4 Nxf2 0-1

[Event "Ice"]
[Site "http://www.queenalice.com/game.php?id=365413"]
[Date "2008.3.4"]
[Round "-"]
[White "KoriaDesevis"]
[Black "Tlaloc2k"]
[Result "1-0"]
[WhiteElo "2024"]
[BlackElo "1494"]

1. b3 Nf6 2. Bb2 d5 3. g3 e6 4. Bg2 Bd6 5. e3 e5 6. d4 e4 7. Ne2 c6 8. O-O O-O
9. Ba3 Bg4 10. Bxd6 Qxd6 11. Nd2 Nbd7 12. f3 exf3 13. Nxf3 Bxf3 14. Rxf3 Ne4 15.
Qd3 Ng5 16. Rf5 Ne4 17. Bxe4 dxe4 18. Qxe4 Rae8 19. Qd3 b5 20. a4 g6 21. Rf2 f5
22. Nf4 a6 23. axb5 cxb5 24. c4 bxc4 25. Qxc4+ Kg7 26. Rxa6 Rc8 27. Rxd6 Rxc4
28. Rxd7+ Kh6 29. bxc4 g5 30. Rd6+ Kg7 31. Nh5+ 1-0

[Event "Flat"]
[Site "http://www.queenalice.com/game.php?id=378366"]
[Date "2008.3.28"]
[Round "-"]
[White "KoriaDesevis"]
[Black "Tlaloc2k"]
[Result "1-0"]
[WhiteElo "2038"]
[BlackElo "1556"]

1. e3 e5 2. c4 Bc5 3. Nc3 Nf6 4. a3 d6 5. b4 Bb6 6. d4 exd4 7. exd4 c6 8. Nf3
O-O 9. Be2 Bc7 10. O-O b5 11. cxb5 cxb5 12. Bxb5 a6 13. Ba4 Bd7 14. Bc2 Bb5 15.
Nxb5 axb5 16. Qd3 d5 17. Bg5 Qd6 18. Bxf6 g6 19. Be5 Qc6 20. Rfc1 Bxe5 21. Nxe5
Qd6 22. Qxb5 f6 23. Bb3 fxe5 24. Bxd5+ Kg7 25. Bxa8 Qd8 26. Qxe5+ Qf6 27. Rc7+
Kh6 28. Qe3+ g5 29. Qh3+ Kg6 30. Qxh7# 1-0

[Event "Round"]
[Site "http://www.queenalice.com/game.php?id=378367"]
[Date "2008.3.28"]
[Round "-"]
[White "Tlaloc2k"]
[Black "KoriaDesevis"]
[Result "0-1"]
[WhiteElo "1596"]
[BlackElo "2044"]

1. e4 e5 2. Nf3 Nc6 3. Bc4 Nge7 4. Ng5 d5 5. Bb3 f6 6. exd5 Nxd5 7. Bxd5 Qxd5 8.
Nf3 Bc5 9. Nc3 Qf7 10. d3 O-O 11. O-O Bg4 12. Ne4 Bb6 13. h3 Be6 14. c4 Rfd8 15.
b3 Rd7 16. Ba3 Rad8 17. Ne1 Bf5 18. Kh2 Bxe4 19. c5 Ba5 20. Qe2 Bf5 21. b4 Bxb4
22. Bxb4 Nxb4 23. g4 Bxd3 24. Nxd3 Nxd3 25. Rab1 Nxc5 26. Qb5 b6 27. a4 Nd3 28.
Rb3 a6 29. Qc6 Qxb3 30. Qg2 Nf4 31. Qg3 Rd3 32. f3 Qc2+ 33. Rf2 Rd2 34. Rxd2
Rxd2+ 35. Kh1 Rd1+ 36. Qg1 Qg2# 0-1

[Event "Green Bay"]
[Site "http://www.queenalice.com/game.php?id=378368"]
[Date "2008.3.28"]
[Round "-"]
[White "KoriaDesevis"]
[Black "Tlaloc2k"]
[Result "1-0"]
[WhiteElo "2030"]
[BlackElo "1578"]

1. b3 Nf6 2. Bb2 d5 3. g3 e6 4. Bg2 Be7 5. e3 O-O 6. Ne2 c5 7. O-O Nc6 8. a3 b6
9. d3 Ba6 10. c4 Qd7 11. Nbc3 Rad8 12. cxd5 exd5 13. Nf4 d4 14. Ne4 Nxe4 15.
Bxe4 Ne5 16. Qh5 Ng4 17. Qxh7# 1-0

[Event "Chicago"]
[Site "http://www.queenalice.com/game.php?id=378369"]
[Date "2008.3.28"]
[Round "-"]
[White "Tlaloc2k"]
[Black "KoriaDesevis"]
[Result "0-1"]
[WhiteElo "1560"]
[BlackElo "2034"]

1. d4 d5 2. Nf3 Nf6 3. e3 e6 4. Bd3 Nc6 5. O-O Bd6 6. Nc3 O-O 7. a3 e5 8. dxe5
Nxe5 9. Bd2 Nxd3 10. cxd3 Re8 11. e4 dxe4 12. dxe4 Nxe4 13. Qc2 Nxd2 14. Nxd2
Qg5 15. Nde4 Qg6 16. Rae1 Be5 17. f4 Bd4+ 18. Kh1 Bf5 19. Qd2 Bxe4 20. Nxe4 Rxe4
21. Rxe4 Qxe4 22. h3 Re8 23. Re1 Qxe1+ 24. Qxe1 Rxe1+ 0-1

[Event "East"]
[Site "http://www.queenalice.com/game.php?id=378370"]
[Date "2008.3.28"]
[Round "-"]
[White "KoriaDesevis"]
[Black "Tlaloc2k"]
[Result "1-0"]
[WhiteElo "2032"]
[BlackElo "1565"]

1. e4 Nc6 2. b3 e5 3. Bb2 Nf6 4. d3 Bb4+ 5. Nd2 O-O 6. a3 Bc5 7. Ngf3 d6 8. Be2
Be6 9. O-O Ne7 10. d4 exd4 11. Nxd4 Bxd4 12. Bxd4 Nc6 13. Bb2 d5 14. exd5 Bxd5
15. Bd3 Qd7 16. Bxf6 gxf6 17. Qh5 Ne7 18. Qxh7# 1-0

[Event "West"]
[Site "http://www.queenalice.com/game.php?id=378371"]
[Date "2008.3.28"]
[Round "-"]
[White "Tlaloc2k"]
[Black "KoriaDesevis"]
[Result "0-1"]
[WhiteElo "1534"]
[BlackElo "2042"]

1. Nf3 c5 2. e4 Nc6 3. c3 d6 4. Bc4 Nf6 5. d3 e6 6. O-O a6 7. Bg5 h6 8. Be3 b5
9. Bb3 Be7 10. Nbd2 O-O 11. c4 Ng4 12. cxb5 Nxe3 13. fxe3 axb5 14. Bc2 Bf6 15.
Qc1 Qb6 16. b3 Bxa1 17. Qxa1 e5 18. a4 Nb4 19. Qb2 Be6 20. Ra1 c4 21. dxc4 Qxe3+
22. Kh1 bxa4 23. Rxa4 Rxa4 24. bxa4 Nxc2 25. Qxc2 Ra8 26. h3 Qa3 27. Kh2 Rxa4
28. Qb3 Qxb3 29. Nxb3 Bxc4 30. Nbd2 Be2 31. Nh4 g6 32. g4 Ra2 0-1

[Event "North"]
[Site "http://www.queenalice.com/game.php?id=378372"]
[Date "2008.3.28"]
[Round "-"]
[White "KoriaDesevis"]
[Black "Tlaloc2k"]
[Result "1-0"]
[WhiteElo "2036"]
[BlackElo "1558"]

1. d4 e6 2. e4 d6 3. Nc3 d5 4. exd5 Bb4 5. dxe6 Bxe6 6. Nf3 Bxc3+ 7. bxc3 Nf6 8.
Bd3 Nc6 9. O-O O-O 10. Ng5 h6 11. Nxe6 fxe6 12. Ba3 Re8 13. Bg6 Nd5 14. Bxe8
Qxe8 15. Re1 Nxc3 16. Qd3 Nd5 17. c4 Nf4 18. Qe4 Qf7 19. Bc1 g5 20. Bxf4 gxf4
21. d5 exd5 22. cxd5 Ne7 23. Qxe7 Qxd5 24. Rad1 Qxa2 25. Rd7 Rf8 26. Qg7# 1-0

[Event "South"]
[Site "http://www.queenalice.com/game.php?id=378373"]
[Date "2008.3.28"]
[Round "-"]
[White "Tlaloc2k"]
[Black "KoriaDesevis"]
[Result "0-1"]
[WhiteElo "1536"]
[BlackElo "2040"]

1. d3 e5 2. e4 Nc6 3. Nc3 Nf6 4. Nf3 Bc5 5. Bg5 O-O 6. Nd5 Be7 7. Bxf6 Bxf6 8.
Be2 d6 9. c4 Be7 10. O-O f5 11. a3 a5 12. Qb3 a4 13. Qc3 fxe4 14. dxe4 Be6 15.
Nxe7+ Qxe7 16. Bd3 Bg4 17. Be2 Bxf3 18. Bxf3 Nd4 19. Rfd1 Rxf3 20. Qxf3 Nxf3+
21. gxf3 Rf8 22. Rd3 Qe6 23. Rc1 Qh3 24. Rcc3 Rf6 25. f4 Qg4+ 26. Rg3 Qd1+ 27.
Kg2 exf4 28. Rgf3 Rg6+ 29. Kh3 Qg1 30. Kh4 Qg4# 0-1

[Event "Big Mac"]
[Site "http://www.queenalice.com/game.php?id=407665"]
[Date "2008.5.24"]
[Round "-"]
[White "KoriaDesevis"]
[Black "Tlaloc2k"]
[Result "1-0"]
[WhiteElo "2046"]
[BlackElo "1621"]

1. c4 e5 2. Nc3 Nf6 3. g3 Be7 4. Bg2 c6 5. Nf3 Bd6 6. O-O O-O 7. d3 Qe7 8. a3
Bc7 9. b4 d6 10. b5 c5 11. Bd2 a6 12. a4 b6 13. Nxe5 Qxe5 14. Bxa8 Bh3 15. Re1
Ng4 16. Nd5 Bd8 17. Nf4 Bf6 18. Rb1 a5 19. Nxh3 Qh5 20. Bg2 Nd7 21. f3 Nge5 22.
Nf4 Qh6 23. Ne6 Qg6 24. Nxf8 Kxf8 25. f4 Ng4 26. e3 Qh5 27. h3 Qg6 28. Be4 Nxe3
29. Rxe3 Bh4 30. Bxg6 Bxg3 31. Qf3 Bh4 32. Qa8+ Bd8 33. Qxd8# 1-0

[Event "Whopper"]
[Site "http://www.queenalice.com/game.php?id=407666"]
[Date "2008.5.24"]
[Round "-"]
[White "Tlaloc2k"]
[Black "KoriaDesevis"]
[Result "0-1"]
[WhiteElo "1617"]
[BlackElo "2048"]

1. e4 Nc6 2. d4 e6 3. Nf3 a6 4. Be3 d5 5. Nc3 Be7 6. e5 h5 7. Be2 Nh6 8. Qd2 Nf5
9. O-O Nxe3 10. Qxe3 b6 11. a3 Bb7 12. Nd1 Na5 13. b4 Nc4 14. Bxc4 dxc4 15. c3
h4 16. h3 a5 17. b5 g5 18. Nh2 Qd5 19. f3 Qxb5 20. Ng4 O-O-O 21. Ndf2 c5 22.
Rfb1 cxd4 23. cxd4 Qa6 24. Rc1 b5 25. Ne4 Bxe4 26. Qxe4 Rd7 27. Rcb1 Rhd8 28.
Qh7 f5 29. Nh6 Bc5 30. dxc5 Rxh7 31. Nxf5 exf5 32. a4 b4 33. Re1 Re7 34. Re3 Qa7
35. Rae1 Qxc5 36. Kh2 Rde8 37. e6 Qd6+ 38. Kg1 Rxe6 39. Kf2 Rxe3 40. Rxe3 Qd2+
41. Re2 Rxe2+ 42. Kg1 Qe1+ 43. Kh2 Qg3+ 44. Kh1 Re1# 0-1

[Event "Gera"]
[Site "http://www.queenalice.com/game.php?id=421366"]
[Date "2008.6.22"]
[Round "3"]
[White "KoriaDesevis"]
[Black "aarongale"]
[Result "1-0"]
[WhiteElo "2043"]
[BlackElo "1730"]

1. c4 g6 2. Nc3 Bg7 3. d4 d6 4. e3 c6 5. Nf3 Bf5 6. e4 Be6 7. Bd3 Qb6 8. c5 Qa5
9. cxd6 exd6 10. O-O Ne7 11. Bf4 d5 12. Qb3 b5 13. exd5 Bxd5 14. Nxd5 cxd5 15.
Bxb5+ Kd8 16. Rac1 Nbc6 17. Rxc6 Nxc6 18. Qxd5+ 1-0

[Event "Alpha"]
[Site "http://www.queenalice.com/game.php?id=424753"]
[Date "2008.6.28"]
[Round "-"]
[White "KoriaDesevis"]
[Black "Tlaloc2k"]
[Result "1-0"]
[WhiteElo "2041"]
[BlackElo "1651"]

1. e4 Nc6 2. Nf3 e5 3. Bb5 a6 4. Bxc6 dxc6 5. O-O b5 6. d3 c5 7. Nxe5 Qd6 8. f4
Nf6 9. Be3 Bg4 10. Nxg4 Nxg4 11. Qxg4 Qg6 12. Qxg6 hxg6 13. Nd2 Be7 14. a4 bxa4
15. Rxa4 O-O 16. Rfa1 Rfb8 17. Nc4 f6 18. Rxa6 Rxa6 19. Rxa6 Kf7 20. Rc6 Ra8 21.
Rxc7 Ra1+ 22. Kf2 Rh1 23. Bxc5 Ke6 24. Rxe7# 1-0

[Event "Omega"]
[Site "http://www.queenalice.com/game.php?id=424754"]
[Date "2008.6.28"]
[Round "-"]
[White "Tlaloc2k"]
[Black "KoriaDesevis"]
[Result "0-1"]
[WhiteElo "1652"]
[BlackElo "2046"]

1. e4 e5 2. Qf3 Nf6 3. g4 d6 4. Bb5+ c6 5. Be2 Bxg4 6. Qd3 Bxe2 7. Qxe2 Nbd7 8.
d3 Qa5+ 9. Bd2 Qb6 10. Bc3 d5 11. Nd2 O-O-O 12. Qf3 Qa6 13. Ne2 d4 14. Qh3 dxc3
15. Nxc3 Bb4 16. Nb3 Bxc3+ 17. bxc3 Qa3 18. O-O Qb2 19. Qe3 Nb6 20. c4 Qxc2 21.
Rfc1 Qxd3 22. Qg5 Qxe4 23. Nc5 Qf3 24. Qxe5 Ng4 25. Qg3 Qxg3+ 26. hxg3 Rhe8 27.
a4 Ne5 28. a5 Nbxc4 29. f4 Nf3+ 30. Kg2 Nfd2 31. Na4 Re2+ 32. Kh3 Rd6 33. Ra2
Rh6+ 34. Kg4 Ne3+ 35. Kg5 f6# 0-1

[Event "Gera"]
[Site "http://www.queenalice.com/game.php?id=463274"]
[Date "2008.9.14"]
[Round "4"]
[White "mauricio_sm"]
[Black "KoriaDesevis"]
[Result "0-1"]
[WhiteElo "1900"]
[BlackElo "2082"]

1. e4 e5 2. Nf3 Nc6 3. d4 exd4 4. Nxd4 Bc5 5. Nxc6 Qf6 6. Qe2 dxc6 7. Nc3 Ne7 8.
Be3 Ba3 9. Bc1 Bb4 10. Bd2 O-O 11. O-O-O Be6 12. Kb1 Rfd8 13. f3 Ng6 14. g3 Ne5
15. Bg2 Nc4 16. a3 Rxd2 17. Rxd2 Bxc3 18. bxc3 Qxc3 0-1

[Event "VHS"]
[Site "http://www.queenalice.com/game.php?id=492230"]
[Date "2008.11.12"]
[Round "-"]
[White "Tlaloc2k"]
[Black "KoriaDesevis"]
[Result "0-1"]
[WhiteElo "1707"]
[BlackElo "2091"]

1. d4 d5 2. Nc3 g6 3. Nf3 Bg7 4. e4 dxe4 5. Nxe4 Nc6 6. c3 Nf6 7. Bd3 O-O 8. O-O
e5 9. Bg5 exd4 10. Nxd4 Nxd4 11. Nxf6+ Bxf6 12. Bxf6 Qxf6 13. cxd4 Rd8 14. Qa4
Qxd4 15. Qxd4 Rxd4 16. Rad1 Be6 17. b3 Rad8 18. h3 Rxd3 19. Rxd3 Rxd3 20. Rc1 c6
21. Re1 Rd2 22. b4 Bxa2 23. Ra1 a6 24. g4 Rb2 25. Kg2 Bd5+ 26. Kg3 Rxb4 27. h4
Rb3+ 28. Kh2 Rf3 0-1

[Event "Beta"]
[Site "http://www.queenalice.com/game.php?id=492231"]
[Date "2008.11.12"]
[Round "-"]
[White "KoriaDesevis"]
[Black "Tlaloc2k"]
[Result "1-0"]
[WhiteElo "2093"]
[BlackElo "1698"]

1. c4 e5 2. Nc3 Bc5 3. Nf3 d6 4. g3 Bg4 5. Bg2 Nf6 6. O-O Nc6 7. d3 O-O 8. h3
Be6 9. Ng5 h6 10. Nxe6 fxe6 11. Na4 Qe7 12. Nxc5 dxc5 13. Bxc6 bxc6 14. Be3 e4
15. dxe4 Nxe4 16. Qd3 Nd6 17. Bxc5 Qd7 18. Rad1 a5 19. Bxd6 cxd6 20. Qxd6 Qf7
21. Qxc6 Rac8 22. Qe4 Rc5 23. b3 Rf5 24. f4 Qg6 25. Kg2 h5 26. h4 R8f6 27. Rd8+
Kh7 28. Qa8 Rf8 29. Rxf8 Rxf8 30. Qxf8 Qc2 31. Qc5 Qxa2 32. Qxh5+ Kg8 33. Rd1
Qc2 34. Rd8# 1-0

[Event "Gera"]
[Site "http://www.queenalice.com/game.php?id=512580"]
[Date "2008.12.25"]
[Round "5"]
[White "KoriaDesevis"]
[Black "ZUMBI"]
[Result "1-0"]
[WhiteElo "2095"]
[BlackElo "1824"]

1. c4 d5 2. cxd5 Qxd5 3. Nc3 Qa5 4. Nf3 Nc6 5. g3 Bf5 6. Bg2 O-O-O 7. O-O Nf6 8.
Ng5 e5 9. Nxf7 Nd4 10. Nxd8 Kxd8 11. d3 Bg4 12. h3 Bh5 13. g4 Bg6 14. Bxb7 h5
15. g5 Nd7 16. Bg2 Bd6 17. a3 Nc5 18. b4 Qb6 19. bxc5 Bxc5 20. Rb1 Qa6 21. Rb8+
Kd7 22. Rxh8 Bxa3 23. Bxa3 Qxa3 24. Be4 Bxe4 25. Nxe4 Nb3 26. Qxb3 Qxb3 27. Nc5+
Kc6 28. Nxb3 g6 29. Rg8 Kb5 30. Rc1 c6 31. Rb8+ 1-0